000 00837cam a2200265 a 4500
001 1595139
003 OSt
005 20161027145516.0
008 940105s1994 enk b 001 0 eng
010 _a 94001964
020 _a978-1856491846
020 _a1856491846
040 _aDLC
_cDLC
_dDLC
050 0 0 _aHQ1240
_b.W6627 1994
082 0 0 _a333.7
_220
_bWOM 1994
100 _aRosi Braidotti [et....al.]
_911254
245 0 0 _aWomen, the environment and sustainable development :
_btowards a theoretical synthesis
260 _aLondon ;
_bZed Books
_c1994.
300 _axiii, 220 p. ;
_c23 cm.
504 _aIncludes bibliographical references and index.
650 0 _aEnvironmental management
_91047
650 0 _aSustainable development
_97082
906 _a7
_bcbc
_corignew
_d1
_eocip
_f19
_gy-gencatlg
942 _2ddc
_cSLOAN
999 _c3170
_d3170